000 01072cgm a2200337 4500
008 090401t1994 xxu||||| |||| 00| 0 eng d
020 _a0947763929
035 _a(Sirsi) u62561
041 _aeng
050 _a333.332
_c18
100 _aBritton, W.
245 _aDepreciated replacement cost
_ba CPD study pacK
260 _aReading
_bCollege of Estate Management
_c1994
300 _avi, 72p.
_c30cm.
350 _a35
490 _aCollege of Estate Management CPD Study Pack
520 _aAccompanied by a demonstration disk which is not available for loan.
520 _aWithdrawn September 2007.
650 _aDEPRECIATED REPLACEMENT COST
650 _aDISCOUNTED ASSET RENT
650 _aESTIMATED PERCENTAGE DEPRECIATION
650 _aGROSS REPLACEMENT COST
650 _aNET REPLACEMENT COST
650 _aSTRAIGHT LINE DEPRECIATION
650 _aValuation
_96273
690 _aPROPERTY-PROPERTY APPRAISAL AND VALUATION
700 _aConnellan, O.P.
710 _aCollege of Estate Management
_9400
942 _n0
948 _c04/03/1997
999 _c85330
_d85330